Human Resaurce Management (Record no. 520)

MARC details
000 -LEADER
fixed length control field 00407nam a22001697a 4500
005 - DATE AND TIME OF LATEST TRANSACTION
control field 20160511113030.0
008 - FIXED-LENGTH DATA ELEMENTS--GENERAL INFORMATION
fixed length control field 160511b xxu||||| |||| 00| 0 eng d
020 ## - INTERNATIONAL STANDARD BOOK NUMBER
ISBN 978-81-25-1913
041 ## - LANGUAGE CODE
Language code of text/sound track or separate title eng
082 ## - DEWEY DECIMAL CLASSIFICATION NUMBER
Item number 1246
100 ## - MAIN ENTRY--AUTHOR NAME
Personal name Dwivedi R.S.
245 ## - TITLE STATEMENT
Title Human Resaurce Management
260 ## - PUBLICATION, DISTRIBUTION, ETC. (IMPRINT)
Name of publisher Vikas Publishing house Pvt. Ltd.
Year of publication 2009
300 ## - PHYSICAL DESCRIPTION
Number of Pages 397
650 ## - SUBJECT ADDED ENTRY--TOPICAL TERM
Topical Term Management
942 ## - ADDED ENTRY ELEMENTS (KOHA)
Koha item type Books
Holdings
Lost status Damaged status Home library Current library Date acquired Cost, normal purchase price Full call number Accession Number Koha item type
Lost and Paid For   JRU Library   11/05/2016 265.00 1246 1246 Books